| 000 | 00479cam a2200193ua 4500 | ||
|---|---|---|---|
| 001 | 986 | ||
| 008 | 110425n ii |||gr||||Z||||||asm | ||
| 020 | _a81-237-3531-6 | ||
| 040 | _cMAIN | ||
| 082 | _a323.4 | ||
| 245 | 1 |
_aManab adhikar _bAkhani adi ganthra |
|
| 250 | _bedited by Arjun Deb. | ||
| 260 |
_aNew Delhi: _bNational book trust,996. |
||
| 300 |
_axviii, 233p.: _c7cm. |
||
| 653 | _aPolitical science | ||
| 653 | _aManab adhikar | ||
| 653 | _aHuman rights | ||
| 942 | _cBK | ||
| 999 |
_c905 _d905 |
||